Becoming a master manager : (Record no. 26043)

MARC details
000 -LEADER
fixed length control field 00899cam a22002775a 4500
001 - CONTROL NUMBER
control field 4818303
005 - DATE AND TIME OF LATEST TRANSACTION
control field 20201128024232.0
008 - FIXED-LENGTH DATA ELEMENTS--GENERAL INFORMATION
fixed length control field 891025t1990 nyua frb 001 0 eng d
020 ## - INTERNATIONAL STANDARD BOOK NUMBER
International Standard Book Number 0471515779
020 ## - INTERNATIONAL STANDARD BOOK NUMBER
International Standard Book Number 9780471515777
040 ## - CATALOGING SOURCE
Original cataloging agency DLC
Transcribing agency DLC
Modifying agency DLC
-- EG-ScBUE
Language of cataloging eng
082 04 - DEWEY DECIMAL CLASSIFICATION NUMBER
Classification number 658.4
Edition number 22
Item number BEC
245 00 - TITLE STATEMENT
Title Becoming a master manager :
Remainder of title a competency framework /
Statement of responsibility, etc Robert E. Quinn ... [et al.]
260 ## - PUBLICATION, DISTRIBUTION, ETC. (IMPRINT)
Place of publication, distribution, etc New York :
Name of publisher, distributor, etc John Wiley & Sons,
Date of publication, distribution, etc c.1990.
300 ## - PHYSICAL DESCRIPTION
Extent xvi, 345 p. :
Other physical details ill. ;
Dimensions 24 cm.
504 ## - BIBLIOGRAPHY, ETC. NOTE
Bibliography, etc Includes bibliographical references and index.
541 ## - IMMEDIATE SOURCE OF ACQUISITION NOTE
Source of acquisition Donation from David Kirby.
650 #7 - SUBJECT ADDED ENTRY--TOPICAL TERM
Topical term or geographic name as entry element Leadership.
Source of heading or term BUEsh
9 (RLIN) 1000
650 #7 - SUBJECT ADDED ENTRY--TOPICAL TERM
Topical term or geographic name as entry element Executive ability.
Source of heading or term BUEsh
9 (RLIN) 11399
650 #7 - SUBJECT ADDED ENTRY--TOPICAL TERM
Topical term or geographic name as entry element Management.
Source of heading or term BUEsh
9 (RLIN) 553
650 #7 - SUBJECT ADDED ENTRY--TOPICAL TERM
Topical term or geographic name as entry element Organizational behavior.
Source of heading or term BUEsh
9 (RLIN) 4617
651 ## - SUBJECT ADDED ENTRY--GEOGRAPHIC NAME
Source of heading or term BUEsh
653 ## - INDEX TERM--UNCONTROLLED
Resource For college Generalities
-- BAEPS, Business Administration
Arrived date list January2018
700 1# - ADDED ENTRY--PERSONAL NAME
Personal name Quinn, Robert E.
942 ## - ADDED ENTRY ELEMENTS (KOHA)
Source of classification or shelving scheme Dewey Decimal Classification
Holdings
Withdrawn status Item status Source of classification or shelving scheme Damaged status Not for loan Home library Current library Shelving location Date acquired Source of acquisition Total Checkouts Full call number Barcode Date last seen Koha item type
    Dewey Decimal Classification     Central Library Central Library First floor 30/01/2018 Donation   658.4 BEC 000042885 15/07/2025 Book - Borrowing
    Dewey Decimal Classification     Central Library Central Library First floor 30/01/2018 Donation   658.4 BEC 000042886 15/07/2025 Book - Borrowing